000 01245 a2200181 4500
003 Nust
005 20221014112826.0
010 _a 91022890
040 _cNust
082 _a604.24,EAR
100 _aJames H. Earle
_9100304
245 _aGraphics for Engnieeris Auto CAD Release 11 /
_cJames H. Earle
250 _a3rd ed
260 _aNew York
_bAddision-Wesley
_c1985
300 _axxi,599p;
505 _aIntroduction to Engineering and Technology (Page-1), The Design Process (Page-15), The Computer in Design and Drafting (Page-41), Lettering (Page-48), Drawing Instruments (Page-57), Geometric Construction (Page-77), Multiview Sketching (Page-106) Multiview Drawing with Instruments (Page-122), Axuiliary Views (Page-152), Sections (Page-170), Screws Fasteners and Springs (Page-189), Gears and Cams (Page-220), Materials and Processes (Page-236), Dimensioning (Page-249), Tolerances (Page-277), Welding (Page-312), Working Drawings (Page-322), Reproduction Methods and Drawing and Drawing Shortcuts (Page-363), Pictorials (Page-370), Descriptive Geometry (Page-404), Civil Engineering Applications (Page-455), Graphs (Page-472), Auto CAD Computer Graphics (Page-491), Introduction to Solid Modeling (Page-593).
942 _2ddc
_cBK
999 _c182703
_d182703